02685nam a22004337a 450000100060000000300080000600500170001400700030003100800410003402000150007504000400009008200170013010000910014710001040023810000740034224500720041626400580048830000250054633600290057133700330060033800280063350500490066150500390071050500300074950500400077950500420081950500280086150500420088950500300093150500540096150500350101550500460105050500900109650500350118650500360122152008370125770000480209470001090214242835gtgccic20250801131008.0ta250730b sp ||||| |||| 00| 0 spa d a8487381286 agtgccicbspacgtgccicdgtgccicerda a684.104 P4271 aFernando Peraza SánchezbDr. Ingeniero de MontescDirector técnico de AITIMeAutor1 aFrancisco Arriaga MartiteguibDr. ArquitectocProfesor de Cálculo de Estructuras de la UPMeAutor1 aJosé Enrique PerazabArquitectocSecretario General de AITIMeAutor aTableros de madera de uso estructural /cPeraza Sánchez, Fernando aMadrid, España :bArtes Gráficas Palermo ;c2004. a276 p. :bil.c24 cm 2rdacontenidoatextobtxt 2rdamedioasin mediaciónbn 2rdasoporteavolumenbnc gCapítulo 1tTABLEROS DERIVADO DE LA MADERA gCapítulo 2tRESEÑA HISTÓRICA gCapítulo 3tDIMENSIONES gCapítulo 4tPROPIEDADES FÍSICAS gCapítulo 5tPROPIEDADES MECÁNICAS gCapítulo 6tCÁLCULO gCapítulo 7tCOMPORTAMIENTO AL FUEGO gCapítulo 8tDURABILIDAD gCapítulo 9tCERTIFICACIÓN Y MARCAS DE CALIDAD gAnexo AtNORMAS SOBRE TABLEROS gAnexo BtESPECIFICACIONES DE LOS TABLEROS gAnexo CtDETERMINACIÓN DE LAS PROPIEDADES MECÁNICAS DE LOS TABLEROS ESTRUCTURALES gAnexo DtEJEMPLOS DE CÁLCULO gAnexo EtEJEMPLOS DE MARCADO CE aLos tableros derivados de la madera se definen como un producto en el que predominan la longitud y la anchura sobre el espesor y en el que el elemento constitutivo principal es la madera. Esta denominación engloba a un amplio número de tableros cuyas propiedades y aplicaciones son muy variadas. Los tableros se utilizan principalmente en aplicaciones decorativas y estructurales, pero también tienen otras importantes aplicaciones de corta duración o en funciones auxilliares como encofrados, embalajes, cajas de frutas, cerramientos provisionales, stands, etc. Con las técnicas de reciclaje actuales la industria de tableros es capaz de volver a utilizar desperdicios o elementos de maderas desechados después de su uso por la sociedad, introduciéndolos de nuevo en el circuito de la madera como productos útiles aEmilio Luengo CuadradodIngeniero de Montes aIgnacio Bobadilla MaldonadodDr. Ingeniero de Montes. Profesor de Tecnología de la Madera de la U.P.M.